000
00323nam a22001337a 4500
003
OSt
005
20140311163200.0
008
140227t xxu||||| |||| 00| 0 eng d
050
_a
LB 1585.5
_b
.P952L3 [ca.2000]
245
_a
Primary Science 3 /
300
_a
136 p. :
_b
ill. ;
_c
28 cm.
942
_2
lcc
_c
BK-TR
999
_c
42472
_d
42472